000 01100cam a22002771i 4500
003 SA-RiAUC
005 20241223084027.0
008 241220s2006 su g 00010 ara c
020 _a9960826317
040 _aSA-JeALM
_bara
_cSA-RiAUC
_erda
082 0 4 _a229.3
090 _a229.3
_bك م ا
100 1 _aآل كمال، حسان بن محمد سعيد
_eمؤلف.
245 1 0 _aدعاء الرحمن بآي القرآن /
_cحسان بن محمد سعيد آل كمال.
250 _aالطبعة الأولى.
264 1 _aالطائف، السعودية :
_bمكتبة المعارف،
_c2007
300 _a279 صفحة ؛
_c24 سم
336 _aنص
_btxt
_2rdacontent
_3كتاب
337 _aبدون وسيط
_bn
_2rdamedia
338 _aمجلد
_bnc
_2rdacarrier
500 _aاهداء من المؤلف حسان بن محمد سعيد آل كمال بتاريخ 7 / 11 / 1427 هـ
650 2 7 _aالأدعية والأوراد في القرآن
_2aucsh
650 7 _aالأدعية والأوراد
_2aucsh
942 _2ddc
_cBOOK
_n0
949 _aSA-JeALM
_d241220
_uosman123
_n1
999 _c3833
_d3833